Weltclubtrainer seit 1996 - Statistiken

Allgemein
  • Dieses Quiz wurde 132 mal gespielt
  • Das Durchschnittsergebnis liegt bei 19 aus 27
Antwortstatistiken
Jahr Verein Trainer % Korrekt
2020 FC Liverpool Jürgen Klopp
100%
2019 FC Liverpool Jürgen Klopp
100%
2021 FC Chelsea Thomas Tuchel
100%
2018 Real Madrid Zinedine Zidane
97%
2017 Real Madrid Zinedine Zidane
97%
2011 FC Barcelona Pep Guardiola
95%
2009 FC Barcelona Pep Guardiola
95%
2013 FC Bayern München Jupp Heynckes
92%
2014 Real Madrid Carlo Ancelotti
90%
2007 AC Mailand Carlo Ancelotti
90%
2012 Real Madrid Jose Mourinho
90%
2010 Inter Mailand Jose Mourinho
90%
2005 FC Chelsea Jose Mourinho
90%
2004 FC Porto Jose Mourinho
90%
2016 Atletico Madrid Diego Simeone
87%
2008 Manchester United Sir Alex Ferguson
81%
1999 Manchester United Sir Alex Ferguson
81%
2001 FC Bayern München Ottmar Hitzfeld
70%
1997 Borussia Dortmund Ottmar Hitzfeld
70%
2015 FC Barcelona Luis Enrique
61%
2002 Real Madrid Vicente del Bosque
32%
2006 FC Barcelona Frank Rijkaard
28%
1998 Juventus Turin Marcello Lippi
21%
1996 Juventus Turin Marcello Lippi
21%
2004 FC Valencia Rafael Benitez
14%
2003 Boca Juniors Carlos Bianchi
2%
2000 Boca Juniors Carlos Bianchi
2%
Keine übereinstimmenden Quizze gefunden
Verteilung der Resultate
Anzahl Personen mit jedem Resultat
Perzentil nach korrekt beantworteten Fragen
Ihre Resultats-Entwicklung
Sie haben dieses Quiz noch nicht gespielt